| 000 | 00717nam a2200205Ii 4500 | ||
|---|---|---|---|
| 003 | JO-AjNU | ||
| 008 | 230605s9999||||xx |||||||||||||| ||und|| | ||
| 040 |
_aJO-AjNU _bara _erda _cJO-AjNU |
||
| 041 | _aara | ||
| 050 | 1 | 4 | _aPL8010.H3748 1988 |
| 100 | 3 |
_aحريز،سيد حامد, _eauthor _912868 |
|
| 245 | 0 | 0 | _aالمؤثرات العربية في الثقافة السواحلية في شرقي إفريقيا |
| 250 | _aط1 | ||
| 264 | 3 | 1 | _aبيروت: دار الجيل، 1988 |
| 300 | _a143ص | ||
| 336 |
_atext _btxt _2rdacontent |
||
| 337 |
_aunmediated _bn _2rdamedia |
||
| 338 |
_avolume _bnc _2rdacarrier |
||
| 650 | 4 |
_aالثقافة - شرق إفريقي إفريقيا - مؤثرات عربية _912869 |
|
| 999 |
_aA3055 _c6623 _d6623 |
||